LIBRARY & INFORMATION CENTRE, KCAET, TAVANUR

ONLINE PUBLIC ACCESS CATALOGUE (OPAC)

Martin Rattler / (Record no. 910)

MARC details
000 -LEADER
fixed length control field 00462cam a2200169ua 4500
041 ## - LANGUAGE CODE
Language code of text/sound track or separate title eng
082 ## - DEWEY DECIMAL CLASSIFICATION NUMBER
Classification number 823.308
Item number BAL/MA
100 ## - MAIN ENTRY--AUTHOR NAME
Personal name Ballantyne, Robert.M .
245 ## - TITLE STATEMENT
Title Martin Rattler /
260 ## - PUBLICATION, DISTRIBUTION, ETC. (IMPRINT)
Place of publication :
Name of publisher E.J.Arnold and son ltd ,
Year of publication 1876.
300 ## - PHYSICAL DESCRIPTION
Number of Pages 95 ; .
490 0# - SERIES STATEMENT
Series statement Bright story reader,
Volume number/sequential designation No: 5241
942 ## - ADDED ENTRY ELEMENTS (KOHA)
Koha item type Books
Holdings
Withdrawn status Lost status Damaged status Home library Current library Date acquired Full call number Accession Number Koha item type
Withdrawn     KAUAET Sanskrit University 07/04/2012 823.308 10944 Books
free website counter